| 000 | 00796nam a2200253 a 4500 | ||
|---|---|---|---|
| 001 | 22747 | ||
| 003 | SK-KTurca | ||
| 005 | 20260422161424.0 | ||
| 008 | 950620s1980 xo a g 000 1 slo c | ||
| 035 | _aUKB000079441 | ||
| 040 |
_aBAA001 _bslo _cBAA001 _eAACR2 |
||
| 041 | 1 |
_aslo _hscr |
|
| 044 |
_axo _cSK |
||
| 084 |
_aW 6(4J)-644 _2UKB |
||
| 100 | 1 |
_aAndrić, Ivo, _d1892-1975 |
|
| 245 | 1 | 0 |
_aOmerpaša Latas _cIvo Andrić ; zo srbochorv. orig. prel. a vysvetl. sprac. František Lipka |
| 260 |
_aBratislava _bSlov. spis. _c1980 |
||
| 300 | _a250 s. | ||
| 490 | 1 |
_aSpoločnosť priateľov krásnych kníh _vzv. _v392 |
|
| 500 | _aRozlož. tit. list | ||
| 700 | 1 |
_aLipka, František, _d1946- _4trl _4cwt |
|
| 830 | 0 |
_aSpoločnosť priateľov krásnych kníh _vzv. _v392 |
|
| 942 |
_2ddc _cKLDO _n0 |
||
| 999 |
_c22747 _d22747 |
||